000 01008nabaa22002177a 4500
999 _c6304
_d6304
003 OSt
005 20260129030621.0
008 190701b xxu||||| |||| 00| 0 spa d
040 _cPJ
100 _96906
_aEguinoa, María Rosario
245 1 3 _aEl acceso a la información pública y la salvaguarda del secreto en los sumarios administrativos :
_bla necesidad de armonizar ambos institutos /
_cMaría Rosario Eguinoa.
300 _ap. 46
500 _aCita: TR LALEY AR/DOC/1557/2025
505 _aSumario: I. Introducción.— II. Normativa.— III. Jurisprudencia.— IV. Doctrina administrativa.— V. Conclusión.
505 _t¿Te interesa el texto completo? Comunicate al correo: koha@justierradelfuego.gov.ar
650 0 _9211
_aDERECHO ADMINISTRATIVO
650 0 _92019
_aSUMARIO ADMINISTRATIVO
650 0 _91248
_aACCESO A LA INFORMACION
773 0 _02842
_93251
_dBuenos Aires : AbeledoPerrot, 2012-
_oDA121
_tDerecho administrativo. Nº 160 julio/agosto 2025
_z18510590
942 _2udc
_cANA